000 00276nam a2200121Ia 4500
008 221030s9999 xx 000 0 und d
041 _aEnglish
100 _aP. L. Ballaney
245 0 _aApplied Thermodynamics
_cby P. L. Ballaney
260 _c0
650 _aB
942 _cBK
999 _c13912
_d13912